000 00659nam a22002057a 4500
999 _c16895
_d16895
003 AR-CdUCM
008 190506b ||||| |||| 00| 0 spa d
040 _aMUNICIPALIDAD PROVINCIAL DEL CUSCO
_cBIBLIOTECA MUNICIPAL DEL CUSCO
082 _a335.409 /
_bM23
100 _aMao Tse - Tung
_915457
245 _aLas contradicciones /
260 _aMexico :
_bGrijalbo,
_c1969.
300 _a158 páginas ;
_c19 cm.
505 _aLey de la contradicción -- Las contradicciones en la vida social --
650 _aContradicciones.
_936625
650 _aFilosofía.
_9395
700 _aManuel Canero (traducción)
_936626
942 _2ddc
_cLIBROS
945 _awfj